| 000 | 00656nam a2200229Ia 4500 | ||
|---|---|---|---|
| 003 | IN-BaIIA | ||
| 008 | 211028s9999 xx 000 0 eng d | ||
| 020 | _a0-486-60303-2 | ||
| 040 | _cIIA Library | ||
| 080 |
_a532.5 _bDRY |
||
| 100 |
_aDryden, Hugh L _97045 |
||
| 245 | 0 |
_aHydrodynamics _cHugh L. Dryden, F. P. Murnaghan and H. Bateman |
|
| 260 |
_aNew York _bDover Publications _c1956 |
||
| 300 | _a634p. | ||
| 650 | _aAstronomy and astrophysics thesaurus | ||
| 650 |
_aFluid dynamics _91512 |
||
| 650 |
_aFluid mechanics _91513 |
||
| 650 |
_aHydrodynamics _91514 |
||
| 700 |
_aBateman, H. _91625 |
||
| 700 |
_aMurnaghan, F. D. _97046 |
||
| 942 | _cBK | ||
| 999 |
_c3977 _d3977 |
||